Central Library OPAC University of Rajshahi

Your local government : (Record no. 5847)

MARC details
000 -LEADER
fixed length control field 00748nam a2200241 a 4500
001 - CONTROL NUMBER
control field 5847
003 - CONTROL NUMBER IDENTIFIER
rucl marc code BD-RjUL
005 - DATE AND TIME OF LATEST TRANSACTION
control field 20211208234135.0
008 - FIXED-LENGTH DATA ELEMENTS--GENERAL INFORMATION
fixed length control field 140107t1965 -cn b 001 0 eng d
020 ## - INTERNATIONAL STANDARD BOOK NUMBER
International Standard Book Number 0770512925
035 ## - SYSTEM CONTROL NUMBER
System control number (BD-RjUL)5886
040 ## - CATALOGING SOURCE
Original cataloging agency LC
Language of cataloging eng
Transcribing agency LC
Modifying agency BD-RjUL
041 ## - LANGUAGE CODE
Language code of text/sound track or separate title eng
082 04 - DEWEY DECIMAL CLASSIFICATION NUMBER
Classification number 352.0080971
Author mark and year ROY 1965
100 1# - MAIN ENTRY--PERSONAL NAME
Personal name Rowat, Donald C.
Fuller form of name (Donald Cameron),
Dates associated with a name 1921-
9 (RLIN) 18359
245 10 - TITLE STATEMENT
Title Your local government :
Remainder of title a sketch of the municipal system in Canada /
Statement of responsibility, etc. by Donald C. Rowat.
260 ## - PUBLICATION, DISTRIBUTION, ETC. (IMPRINT)
Place of publication, distribution, etc. Toronto :
Name of publisher, distributor, etc. Macmillan of Canada,
Date of publication, distribution, etc. 1965.
300 ## - PHYSICAL DESCRIPTION
Pagination ix, 148 p. ;
Size 20 cm.
504 ## - BIBLIOGRAPHY, ETC. NOTE
Bibliography, etc Includes index and bibliography.
650 #0 - SUBJECT ADDED ENTRY--TOPICAL TERM
Topical term or geographic name as entry element Municipal government
Geographic subdivision Canada.
9 (RLIN) 18360
942 ## - ADDED ENTRY ELEMENTS (KOHA)
Source of classification or shelving scheme Dewey Decimal Classification
Koha item type Books
Holdings
Lost status Source of classification or shelving scheme Damaged status Not for loan Collection code Permanent Location Current Location Shelving location Date acquired Source of acquisition Cost, normal purchase price Total Checkouts Full call number Date last seen Copy number Koha item type
  Dewey Decimal Classification   Not For Loan Non-fiction Central Library, University of Rajshahi Central Library, University of Rajshahi   16/01/1975 M. Obaidul Huque 25.00   352.0080971 ROY 1965 07/01/2014 C-1 Books